000 014070000a22002410004500
020 _a84-8164-805-1
041 0 _aspa fre
082 0 4 _aG 230.01 T263q
100 1 _aTeilhard de Chardin, Pierre 1881-1955
245 1 0 _aLo que yo creo / Pierre Teilhard de Chardin ; traducción de Francisco Pérez Gutiérrez
260 _aMadrid : Trotta
300 _a204 p., 23 cm
440 0 _aCol. Estructuras y procesos. Serie Religión
500 _aTítulo original en francés: comment je crois
501 _aEn rústico
505 0 0 _aNotas sobre la unión física entre la humanidad de Cristo y los fieles en el curso de la santificación -- Notas sobre los modos de acción de Dios en el universo -- Caída, redención y geocentría -- Nota sobre algunas representaciones históricas posibles del pecado original -- Panteísmo y cristianismo -- Cristología y evolución -- El fenómeno cristiano -- Monogenismo y monofiletismo -- Lo que l mundo aguarda en este momento de la iglesia de Dios -- Contingencia del universo y deseo humano de sobrevivir --- Una continuación de los problemas de los orígenes humanos: la multiplicidad de los mundos habitados -- El Dios de la evolución
650 1 4 _aRELIGION \ FILOSOFIA DE LA RELIGION \ CRISTIANISMO
001 17953
942 _cBK
999 _c44446
_d44446
336 _atexto
_btxt
_2rdacontent
337 _2rdamedia
_asin mediación
_bn
338 _2rdacarrier
_avolumen
_bnc